Guess The F1 Driver #2 - Statistics

General Stats
  • This quiz has been taken 172 times
  • The average score is 9 of 16
Answer Stats
Picture Answer % Correct
Sebastian Vettel
99%
Carlos Sainz Jr.
97%
Alain Prost
96%
Esteban Ocon
94%
Mark Webber
92%
Jackie Stewart
76%
Takuma Sato
52%
Stirling Moss
47%
Mike Hawthorn
44%
Martin Brundle
42%
Ronnie Peterson
31%
Kazuki Nakajima
27%
Michele Alboreto
27%
Anthony Davidson
25%
Mika Salo
25%
Didier Pironi
23%
No matching quizzes found
Score Distribution
Percent of People with Each Score
Percentile by Number Answered
Your Score History
You have not taken this quiz